000 005290000a22001810004500
003 MACL
005 20150708114054.0
008 150708b xxu||||| |||| 00| 0 eng d
040 _aMACL
_cMACL
041 _aEnglish
082 _a320/JOS
100 _aJoshi, Shashi
_91357
245 _aStruggle for Hegemony in India 1920-47
_bThe Colonical State, the Left and the National Movment Volume-1 1920-34
260 _bSage Publications
_c1992
_aNew Delhi
350 _a325
650 _aPolitical Science
_988
942 _cBK
_k320
_2ddc
999 _c4152
_d4152